DPH - výklad vybraných pojmů

Salvato in:
Dettagli Bibliografici
Autore principale: Holubová, Olga
Natura: Libro
Lingua:ceco
Pubblicazione: Praha ASPI Wolters Kluwer 2007
Serie:Daňová řada
Soggetti:
Tags: Aggiungi Tag
Nessun Tag, puoi essere il primo ad aggiungerne!!

MARC

LEADER 00000nam$a2200000$$$4500
001 0076513
005 20240311131208.7
020 |a 978-80-7357-233-4 
041 0 |a cze 
044 |a CZ 
245 1 0 |a DPH - výklad vybraných pojmů  |c Olga Holubová 
264 1 |a Praha  |b ASPI Wolters Kluwer  |c 2007 
300 |a 137 s. 
490 1 |a Daňová řada 
830 0 |a Daňová řada 
610 2 0 |a dane z hodnoty pridanej 
610 2 0 |a zákony 
610 2 0 |a smernice 
610 2 0 |a dary 
610 2 0 |a služby 
610 2 0 |a podnik 
610 2 0 |a podvody 
610 2 0 |a prenájom 
610 2 0 |a nehnuteľnosti 
610 2 0 |a úver 
610 2 0 |a pôžičky 
610 2 0 |a správa verejná 
610 2 0 |a starostlivosť zdravotná 
610 2 0 |a Česko 
100 1 |a Holubová, Olga